Online katalóg knižníc regiónu Turca

Národy sveta (Record no. 20156)

MARC details
000 -LEADER
fixed length control field 02012nam a2200577 a 4500
001 - CONTROL NUMBER
control field 20156
003 - CONTROL NUMBER IDENTIFIER
control field VRT
005 - DATE AND TIME OF LATEST TRANSACTION
control field 20260117142145.0
008 - FIXED-LENGTH DATA ELEMENTS--GENERAL INFORMATION
fixed length control field 240226s2004 xo ab slo
015 ## - NATIONAL BIBLIOGRAPHY NUMBER
National bibliography number SNBA2006/02-00719
020 ## - INTERNATIONAL STANDARD BOOK NUMBER
International Standard Book Number 8055107955
Qualifying information (viaz.)
035 ## - SYSTEM CONTROL NUMBER
System control number SNK000436562
035 ## - SYSTEM CONTROL NUMBER
System control number urn:nbn:sk:snk-amlup4
035 ## - SYSTEM CONTROL NUMBER
System control number urn:nbn:sk:snk-am00ccif
035 ## - SYSTEM CONTROL NUMBER
System control number 30B91602-F498-4F2F-B20A-E40C23FF6F03
039 #9 - LEVEL OF BIBLIOGRAPHIC CONTROL AND CODING DETAIL [OBSOLETE]
Level of rules in bibliographic description 202402261822
Level of effort used to assign nonsubject heading access points VLOAD
Level of effort used to assign subject headings 202206221337
Level of effort used to assign classification csnkv18
Level of effort used to assign subject headings 201910181036
Level of effort used to assign classification AUTHORITY
Level of effort used to assign subject headings 201712011253
Level of effort used to assign classification VLOAD
040 ## - CATALOGING SOURCE
Original cataloging agency SNK
Language of cataloging slo
Transcribing agency SNK
Description conventions AACR2
041 1# - LANGUAGE CODE
Language code of text/sound track or separate title slo
Language code of original ger
043 ## - GEOGRAPHIC AREA CODE
Geographic area code u-at---
044 ## - COUNTRY OF PUBLISHING/PRODUCING ENTITY CODE
MARC country code xo
ISO country code SK
072 #7 - SUBJECT CATEGORY CODE
Subject category code 913(6)
Subject category code subdivision Geografia Afriky, reálie, cestovanie
Source konspekt
072 #7 - SUBJECT CATEGORY CODE
Subject category code 913(9)
Subject category code subdivision Geografia Oceánie, polárnych oblastí, Austrálie, atď
Source konspekt
080 ## - UNIVERSAL DECIMAL CLASSIFICATION NUMBER
Universal Decimal Classification number 908(94)
Edition identifier 2001
080 ## - UNIVERSAL DECIMAL CLASSIFICATION NUMBER
Universal Decimal Classification number 908(9)
Edition identifier 1981
080 ## - UNIVERSAL DECIMAL CLASSIFICATION NUMBER
Universal Decimal Classification number 908(6)
Edition identifier 1981
080 ## - UNIVERSAL DECIMAL CLASSIFICATION NUMBER
Universal Decimal Classification number 323.1:316.356.4
Edition identifier 1981
080 ## - UNIVERSAL DECIMAL CLASSIFICATION NUMBER
Universal Decimal Classification number (0.062)
Edition identifier 1981
080 ## - UNIVERSAL DECIMAL CLASSIFICATION NUMBER
Universal Decimal Classification number 908(94)
Edition identifier 1981
245 00 - TITLE STATEMENT
Title Národy sveta
Remainder of title svet, v ktorom žijeme
Statement of responsibility, etc. [z nemeckého originálu preložila Helena Galanová]
250 ## - EDITION STATEMENT
Edition statement [1. vyd.]
260 ## - PUBLICATION, DISTRIBUTION, ETC.
Place of publication, distribution, etc. Bratislava
Name of publisher, distributor, etc. Ikar
Date of publication, distribution, etc. 2004
300 ## - PHYSICAL DESCRIPTION
Extent 79 s.
Other physical details fareb. fotogr., mp.
Dimensions 30 cm
490 1# - SERIES STATEMENT
Series statement Glóbus
504 ## - BIBLIOGRAPHY, ETC. NOTE
Bibliography, etc. note Reg.
650 07 - SUBJECT ADDED ENTRY--TOPICAL TERM
Topical term or geographic name entry element regionálna geografia
Source of heading or term SNK
650 07 - SUBJECT ADDED ENTRY--TOPICAL TERM
Topical term or geographic name entry element národy
Source of heading or term SNK
651 #7 - SUBJECT ADDED ENTRY--GEOGRAPHIC NAME
Geographic name Austrália
Source of heading or term SNK
651 #7 - SUBJECT ADDED ENTRY--GEOGRAPHIC NAME
Geographic name Oceánia
Source of heading or term SNK
651 #7 - SUBJECT ADDED ENTRY--GEOGRAPHIC NAME
Geographic name Afrika
Source of heading or term SNK
655 #7 - INDEX TERM--GENRE/FORM
Genre/form data or focus term obrazové publikácie
Source of term SNK
655 #7 - INDEX TERM--GENRE/FORM
Genre/form data or focus term populárno-náučné publikácie
Source of term SNK
700 1# - ADDED ENTRY--PERSONAL NAME
Personal name Galanová, Helena,
Dates associated with a name 1949-
Relationship trl
830 #0 - SERIES ADDED ENTRY--UNIFORM TITLE
Uniform title Glóbus
942 ## - ADDED ENTRY ELEMENTS (KOHA)
Source of classification or shelving scheme Dewey Decimal Classification
Koha item type Odborná literatúra pre dospelých
Suppress in OPAC No
949 ## - LOCAL PROCESSING INFORMATION (OCLC)
6 2889 V 46179
a savukV 46179
949 ## - LOCAL PROCESSING INFORMATION (OCLC)
6 17A0442554
9 P60, <03>, [BOOK], {603}, -B-
a snkSB 69152
b snkKSP 11665/2004
s 6100:20160606
949 ## - LOCAL PROCESSING INFORMATION (OCLC)
6 17A0442555
9 P60, <04>, [BOOK], {604}
a snkSB 69152 D1
b snkKSP 11666/2004
949 ## - LOCAL PROCESSING INFORMATION (OCLC)
6 270001000250032
a svkbbC 46190
b svkbbm 657194*
o TL2;
949 ## - LOCAL PROCESSING INFORMATION (OCLC)
6 273K0484781
9 1
a svkpoC 44298
b svkpo479148
Holdings
Stav vyradenia Strata Poškodenie Spôsob nadobudnutia Domovská knižnica Aktuálna knižnica Dátum nadobudnutia Total checkouts Čiarový kód exemplára Date last seen Typ exemplára
      Dar Obecná knižnica Horná Štubňa Obecná knižnica Horná Štubňa 17.01.2026   9788055107950 17.01.2026 Odborná literatúra pre dospelých
Projekt je podporený Slovenskou asociáciou knižníc
Prevádzkuje Turčianska knižnica Martin 2026